00847naa a2200217 i 4500001000400000003000400004005001700008008003900025040000800064041000800072044000800080100012900088245005000217260001000267500004200277655003000319711012500349773012700474942001300601999001500614BPPBPK20150601123706.0150601s2001 GRC f |100 0 eng cBPK aeng aGRC aHRYNIEWICZ, Tadeusz.d1996 - .bPolitechnika Koszalińska - Wydział Mechaniczny,cKatedra Elektrotechniki i Elektrochemii  aCorrosion measurements /cTadeusz Hryniewicz. c2001. aDane z bibliografii załącznikowej. 0aMateriały konferencyjne. aSeminar lecture, Civil Engineering Department of the Technological Education Institute.c(Piraea, Grecja ;d 2001.03.02) iW :tSeminar lecture, Civil Engineering Department of the Technological Education Institute (2001.03.05 ; Piraea, Grecja). cART2UKD c1140d1140